Cricket Players by Photo #3 - Statistics

General Stats
  • This quiz has been taken 216 times
  • The average score is 11 of 16
Answer Stats
Picture Answer % Correct
Hardik Pandya
94%
Shane Warne
90%
Andre Russell
88%
Sam Curran
86%
Suryakumar Yadav
84%
Daryl Mitchell
83%
AB de Villiers
78%
Mohammad Rizwan
77%
Wasim Akram
75%
Sunil Gavaskar
68%
Smriti Mandhana
66%
Deepti Sharma
48%
Paul Stirling
47%
Clive Lloyd
42%
Hayley Matthews
29%
Tatenda Taibu
18%
No matching quizzes found
Score Distribution
Percent of People with Each Score
Percentile by Number Answered
Your Score History
You have not taken this quiz